[Event "VII Sunway Sitges Open 2020"]
[Site "Sitges"]
[Date "2020.12.13"]
[Round "1.21"]
[White "Narciso Dublan, Marc"]
[Black "Guillo Longares, Cecilia"]
[Result "1-0"]
[WhiteElo "2492"]
[BlackElo "2089"]
[Annotator "TA"]
[PlyCount "81"]
[EventDate "2020.12.13"]
[EventType "swiss"]
[EventCountry "ESP"]
[SourceTitle "playchess.com"]
[Source "ChessBase"]
[SourceQuality "1"]

{[%evp 21,81,42,59,47,56,49,47,48,84,73,124,131,200,145,225,127,352,354,345,334,427,403,635,607,918,1081,1072,1079,1064,1062,1077,1061,1014,1061,1058,1058,1058,1050,1058,1043,1051,1001,1263,1259,1230,1272,1532,1501,1709,1603,1602,1587,1447,1489,6506,6249,29985,29968,29989,29980,29978,29979]} 1. d4 Nf6 2. c4 c5 3. d5 e6 4. Nc3 exd5 5. cxd5 d6 6. e4 g6 7. Nge2 Bg7 8. Ng3 O-O 9. Be2 a6 10. a4 Nbd7 11. O-O Rb8 12. Bg5 {A65: Modern Benoni: 6 e4.} h6 13. Be3 Ne8 14. Qd2 {White is slightly better.} Kh7 15. f4 Nc7 (15... b6 $142) 16. e5 $16 dxe5 {[#]} (16... f5 $16) 17. f5 $1 $18 g5 (17... b6 $16) 18. Nce4 {[#]} (18. Nh5 $18) 18... f6 $146 (18... Ne8 $16 {is a better defense.}) ({Predecessor:} 18... Ne8 19. Nxc5 Rg8 20. Nce4 Ndf6 21. d6 Bd7 22. Nc3 Bc6 23. Rfd1 Bf8 24. Bc5 Nd7 {1-0 (37) Yudin,I (2275)-Pokhlebin,S (2032) Moscow 2011}) 19. d6 Ne8 20. Bc4 (20. Nxc5 Nxc5 21. Bxc5 b6 $18) 20... b6 21. Qe2 Rg8 (21... Bb7 $142 22. Qh5 (22. Bxa6 Bxa6 23. Qxa6 Rf7 $18) 22... Kh8) 22. Qh5 Nf8 {[#]} 23. Qf7 $1 {[%csl Gc4][%cal Rf7g8][%mdl 512]} Rh8 24. Nh5 {White wants to mate with Qxg7+!} Rb7 {[#]} 25. Qxe8 $1 {[%mdl 576] Decoy} Qxe8 26. Nexf6+ Bxf6 27. Nxf6+ Kg7 28. Nxe8+ Kh7 29. Nf6+ Kg7 30. Nh5+ Kh7 31. Bxa6 Rb8 32. Bb5 Rb7 33. a5 bxa5 34. Rxa5 Nd7 35. Bxd7 Bxd7 36. Rxc5 Rf8 37. Rxe5 Bb5 38. Rc1 Rff7 {[#]} 39. Rc7 $1 {White mates.} Ba4 (39... Rbxc7 40. dxc7) 40. Rxb7 Rxb7 41. Re7+ {[%mdl 64] Decoy. Black did not feel at home in the position after the opening.  Weighted Error Value: White=0.12/Black=0.77} 1-0

[Event "VII Sunway Sitges Open 2020"]
[Site "Sitges"]
[Date "2020.12.13"]
[Round "1.22"]
[White "Alcala Gonzalez, Cesar"]
[Black "Garriga Cazorla, Pere"]
[Result "0-1"]
[WhiteElo "2088"]
[BlackElo "2487"]
[Annotator "TA"]
[PlyCount "78"]
[EventDate "2020.12.13"]
[EventType "swiss"]
[EventCountry "ESP"]
[SourceTitle "playchess.com"]
[Source "ChessBase"]
[SourceQuality "1"]

{[%evp 11,78,14,30,29,25,30,32,37,25,14,37,28,35,20,26,24,75,-27,0,0,0,0,0,0,50,39,78,72,171,45,81,55,48,52,63,17,32,11,34,26,64,0,0,0,0,-25,-14,-58,-20,-68,-12,-57,-47,-190,-1,-255,-237,-915,-909,-29990,-29991,-29991,-29992,-29992,-29993,-29993,-29994,-29998,-29999]} 1. d4 Nf6 2. c4 e6 3. Nc3 Bb4 4. g3 O-O 5. Bg2 d6 6. Nf3 Qe7 7. O-O {E20: Nimzo-Indian: 4 g3 and 4 f3.} Bxc3 8. bxc3 e5 9. c5 {White is slightly better.} e4 10. cxd6 cxd6 11. Nd2 {[#]} Bf5 $146 ({Predecessor:} 11... d5 12. e3 Bg4 13. Qb3 Rc8 14. Ba3 Qc7 15. Rfc1 Nc6 16. Bf1 Be6 17. Qb1 Na5 {0-1 (40) Wirthensohn,H (2400)-Lendwai,R (2410) Graz 1993}) 12. Ba3 Rc8 13. c4 e3 (13... Nc6 $11 {keeps the balance.}) 14. Nb3 (14. fxe3 $16 Qxe3+ 15. Kh1) 14... exf2+ 15. Rxf2 Be4 16. Rxf6 gxf6 17. e3 f5 {Strongly threatening ...Bxg2.} 18. Bxd6 $1 Qe6 {aiming for ...Bxg2.} (18... Qxd6 19. Bxe4 Qd7 20. Bd5 $16) 19. Nc5 Qxd6 (19... Rxc5 $16 {was worth a try.} 20. dxc5 (20. Bxc5 Bxg2 21. Kxg2 Nd7 $14) 20... Nd7) 20. Nxe4 ({White has to play} 20. Bxe4 $18 Qh6 21. Bxf5 (21. Bxb7 Qxe3+ 22. Kf1 Nc6 $16)) 20... Qe6 21. Qh5 {Hoping for Ng5.} Nc6 ({But not} 21... fxe4 $2 22. Bh3 $18) 22. Qg5+ Qg6 23. Qxg6+ (23. Nf6+ {with more complications.} Kg7 24. Nh5+ Kh8 25. Qf6+ Qxf6 26. Nxf6 Kg7 27. Nh5+) 23... hxg6 24. Nd6 Rc7 $1 25. Nxb7 Re8 26. Nd6 (26. c5 $1 $14) 26... Rxe3 $11 27. Nb5 Rc8 28. Rd1 Nb4 29. Nd6 Rc7 30. c5 a6 ({Black should play} 30... Nxa2 $15 31. Rd2 Nb4) 31. Rb1 Nc2 $1 32. Rb8+ {[#]} (32. Rd1 $15) 32... Kg7 $2 ({Better is} 32... Kh7 $1 $19 33. c6 Nxd4) 33. Kf2 $2 {[%mdl 8192]} (33. Ne8+ $11 {and White has nothing to worry.} Rxe8 34. Rxe8 Nxd4 35. Re5) 33... Rce7 $19 {Threatens to win with ...Re2+.} 34. d5 $2 (34. Bf1 Nxd4 35. Rb4 Rf3+ 36. Kg2) 34... Re2+ 35. Kf1 Re1+ {Black mates.} 36. Kf2 R7e2+ 37. Kf3 Nd4+ {[%mdl 64] Discovered Attack} 38. Kf4 Rxg2 39. Ne8+ {[#]} Kh6 $1 {Weighted Error Value: White=0.75/Black=0.27} 0-1

[Event "VII Sunway Sitges Open 2020"]
[Site "Sitges"]
[Date "2020.12.13"]
[Round "1.23"]
[White "Dardha, Daniel"]
[Black "Sanchez Lopez, Juan Manuel"]
[Result "1-0"]
[WhiteElo "2487"]
[BlackElo "2085"]
[Annotator "TA"]
[PlyCount "41"]
[EventDate "2020.12.13"]
[EventType "swiss"]
[EventCountry "ESP"]
[SourceTitle "playchess.com"]
[Source "ChessBase"]
[SourceQuality "1"]

{[%evp 14,41,49,48,86,94,96,88,77,76,235,231,215,215,256,265,255,201,204,195,186,138,120,112,622,593,595,529,775,614]} 1. Nf3 Nf6 2. c4 c5 3. Nc3 e6 4. g3 b6 5. Bg2 Bb7 6. O-O Be7 7. Re1 O-O {7...d5 gains popularity.} 8. e4 d5 {A30: Symmetrical English: Double Fianchetto and Hedgehog.} 9. exd5 exd5 10. Nh4 Qd7 {[#] White is better.} 11. cxd5 $146 ({Predecessor:} 11. Qf3 Nc6 12. Nf5 Rfe8 13. Nxd5 Kf8 14. Nxg7 Nd4 15. Qf4 Nxd5 16. Qh6 Kg8 17. Nxe8 Rxe8 18. cxd5 {1-0 (46) Izotov,S-Istomin,A (2330) RCCA 1997}) 11... Nxd5 $2 {[#]} (11... Re8 $16 {might work better.}) 12. Qf3 $1 $18 {And now Nf5 would win.} Bxh4 13. gxh4 Na6 {Threatens to win with ...Rfe8.} 14. Nxd5 Rae8 15. Rd1 Ba8 {[#]} 16. Qh5 $1 {Black must now prevent d4.} f6 {...Re5 is the strong threat.} 17. d4 {aiming for dxc5.} g6 18. Qf3 Kg7 $2 {[%mdl 8192]} (18... Nb4 $16) 19. dxc5 {White is clearly winning.} Rd8 20. Bf4 Qf5 21. Bd6 {Weighted Error Value: White=0.13/Black=0.71} 1-0

[Event "VII Sunway Sitges Open 2020"]
[Site "Sitges"]
[Date "2020.12.13"]
[Round "1.24"]
[White "Kanov, Nikola"]
[Black "Niemann, Hans Moke"]
[Result "0-1"]
[WhiteElo "2079"]
[BlackElo "2472"]
[Annotator "TA"]
[PlyCount "88"]
[EventDate "2020.12.13"]
[EventType "swiss"]
[EventCountry "ESP"]
[SourceTitle "playchess.com"]
[Source "ChessBase"]
[SourceQuality "1"]

{[%evp 17,88,18,29,27,41,43,62,64,51,16,32,33,61,9,9,12,42,7,9,0,53,47,61,77,52,0,0,0,0,0,0,-14,0,0,0,-106,-82,-78,-76,-99,-55,-105,-107,-143,-165,-310,-307,-300,-243,-314,-187,-954,-773,-2100,-2080,-29984,-41,-29985,-29986,-29991,-29992,-29993,-29991,-29991,-29992,-29992,-29993,-29993,-29994,-29994,-29995,-29995,-29996]} 1. e4 e5 2. Nf3 Nc6 3. Bc4 Nf6 4. d3 h6 5. Bb3 d6 6. c3 g6 7. O-O Bg7 8. Nbd2 O-O 9. Re1 Re8 $1 {[%mdl 4] outshines the older 9...Na5.} 10. h3 {C55: Two Knights: 4 d3, 4 d4 exd4 5 e5 and Max Lange Attack.} d5 11. exd5 Nxd5 12. d4 {[#] White is slightly better.} Bf5 $146 ({Predecessor:} 12... Nb6 13. Nxe5 Nxe5 14. dxe5 Rxe5 15. Rxe5 Bxe5 16. Qf3 Qe7 17. Qe3 g5 18. h4 Bd6 {1-0 (26) Yudasin,L (2500)-Mikhalchishin,A (2465) Lvov 1983}) 13. dxe5 Nf4 $1 {[%cal Rg7e5]} ({But not} 13... Nxe5 $2 14. Nxe5 Rxe5 15. Rxe5 $18) (13... Bxe5 $2 14. Nc4 $18) 14. Nc4 Nd3 15. Rf1 (15. Re2 $14) 15... Qd7 $11 16. Ne3 Be6 ({Much weaker is} 16... Ncxe5 $6 17. Nxf5 Nxf3+ 18. Qxf3 $16) (16... Nxc1 {keeps more tension.} 17. Qxc1 Nxe5 18. Nxe5 Rxe5 19. Rd1 Qc8) 17. Bxe6 (17. Ng4 $5) 17... Rxe6 18. Qb3 Ndxe5 ({Better is} 18... b6 $11) 19. Nxe5 $14 Nxe5 20. Qxb7 Rd8 21. a4 (21. Nc2 $14) 21... Rb6 $11 22. Qe4 ({Wrong is} 22. Qxa7 $2 Nc6 $19) 22... f5 23. Qc2 f4 24. a5 Rd6 $36 {[%mdl 2048] Black is more active.} 25. Qb3+ Kh8 26. Nc2 (26. Nc4 $11 {keeps the balance.} Nxc4 27. Qxc4) 26... g5 {[%mdl 1024] Black has strong compensation.} 27. Qa4 Qf7 28. Qe4 Re8 29. Nd4 {[#]} c5 $1 {[%cal Rc5d4]} 30. Nf5 {[#]} Rd3 $1 31. Nxg7 (31. Kh1 $142) 31... Kxg7 $19 32. Kh1 {If White can now play a6 this consolidates a bit.} Qd7 {aiming for ...Rxh3+!} 33. f3 Nxf3 (33... Rd1 $142 34. Bxf4 Rxf1+ 35. Rxf1 Nd3 {[%mdl 64] Double Attack, Discovered Attack}) 34. Qc4 $2 (34. Qa4 Qxa4 35. Rxa4) 34... Ne5 {[%cal Bf3e5,Be5g4,Bg4f2][%mdl 32]} 35. Qe4 {[#]} Rxh3+ $1 {[%mdl 576] Demolition} 36. gxh3 Qxh3+ {[%mdl 64] Double Attack} 37. Kg1 {Strongly threatening Qg2. Now White is beyond hope.} f3 {[%csl Gf3][%cal Rh3g2] Black mates.} 38. Qb7+ Kh8 {[%csl Gf3][%cal Rh3g2]} 39. Rf2 Ng4 40. Bf4 Nxf2 {[%csl Gf3][%cal Rh3g2]} 41. Be5+ Rxe5 {[%csl Gf3][%cal Rh3g2]} 42. Qb8+ Kh7 {[%csl Gf3][%cal Rh3g2]} 43. Qc7+ Kg6 {[%csl Gf3][%cal Rh3g2]} 44. Qc6+ Kh5 {Weighted Error Value: White=0.64/Black=0.18} 0-1

[Event "VII Sunway Sitges Open 2020"]
[Site "Sitges"]
[Date "2020.12.13"]
[Round "1.25"]
[White "Asis Gargatagli, Hipolito"]
[Black "Maloberti, David"]
[Result "1-0"]
[WhiteElo "2470"]
[BlackElo "2076"]
[Annotator "ChessBase"]
[PlyCount "46"]
[EventDate "2020.12.13"]
[EventType "swiss"]
[EventCountry "ESP"]
[SourceTitle "playchess.com"]
[Source "ChessBase"]
[SourceQuality "1"]
[TimeControl "40/5400+30:1800+30"]

1. e4 {[%emt 0:00:00]} e6 {[%emt 0:00:00]} 2. d4 {[%emt 0:00:00]} d5 {[%emt 0:00:00]} 3. Nc3 {[%emt 0:00:04]} Bb4 {[%emt 0:00:00]} 4. e5 {[%emt 0:00:15]} c5 {[%emt 0:00:00]} 5. a3 {[%emt 0:00:13]} Bxc3+ {[%emt 0:00:07]} 6. bxc3 {[%emt 0:00:05]} Qa5 {[%emt 0:00:43]} 7. Bd2 {[%emt 0:00:23]} Qa4 {[%emt 0:00:06]} 8. Qg4 {[%emt 0:01:18]} Kf8 {[%emt 0:00:24]} 9. h4 {[%emt 0:01:31]} Nc6 {[%emt 0:01:12]} 10. h5 {[%emt 0:08:14]} h6 {[%emt 0:00:08]} 11. Qd1 {[%emt 0:00:50]} b6 {[%emt 0:05:25]} 12. Nf3 {[%emt 0:04:58]} Ba6 {[%emt 0:00:42]} 13. Bxa6 {[%emt 0:03:40]} Qxa6 {[%emt 0:00:09]} 14. dxc5 {[%emt 0:00:07]} bxc5 {[%emt 0:00:10]} 15. Qe2 {[%emt 0:00:13]} Qb6 {[%emt 0:04:49]} 16. O-O {[%emt 0:08:17]} Rb8 {[%emt 0:00:11]} 17. c4 {[%emt 0:02:37]} Nge7 {[%emt 0:01:00]} 18. cxd5 {[%emt 0:02:05]} exd5 {[%emt 0:01:59]} 19. e6 {[%emt 0:01:48]} f5 {[%emt 0:03:12]} 20. Ne5 {[%emt 0:07:19]} Qb5 {[%emt 0:00:30]} 21. Nd7+ {[%emt 0:05:24]} Kg8 {[%emt 0:04:23]} 22. c4 {[%emt 0:00:15]} Nd4 {[%emt 0:02:10]} 23. Qe5 {[%emt 0:03:02]} Qb2 {[%emt 0:02:10]} 1-0

[Event "VII Sunway Sitges Open 2020"]
[Site "Sitges"]
[Date "2020.12.13"]
[Round "1.26"]
[White "Millaret Lores, Francesc"]
[Black "Sochacki, Christophe"]
[Result "1-0"]
[WhiteElo "2073"]
[BlackElo "2469"]
[Annotator "TA"]
[PlyCount "52"]
[EventDate "2020.12.13"]
[EventType "swiss"]
[EventCountry "ESP"]
[SourceTitle "playchess.com"]
[Source "ChessBase"]
[SourceQuality "1"]

{[%evp 9,52,27,35,22,38,20,39,13,18,26,45,40,58,0,6,-29,-30,-29,-17,-15,-6,-41,-33,-38,-36,-44,-20,-89,-83,-151,-161,-147,-145,-252,-240,-507,-497,-492,-491,-772,-782,-902,-879,-946,-910]} 1. e4 g6 2. d4 Bg7 3. Nc3 a6 4. Bc4 b5 5. Bb3 Bb7 6. f3 {B06: Modern Defence.} (6. a3 {feels hotter.} d6 7. Nf3 Nf6 8. O-O e6 9. Re1) 6... e6 7. Nge2 d6 8. Be3 {White is slightly better.} Nd7 9. Qd2 {[#]} Qh4+ $146 ({Predecessor:} 9... c5 10. a3 c4 11. Ba2 d5 12. e5 h5 13. Bg5 Qb6 14. Nd1 a5 15. c3 b4 16. cxb4 axb4 17. Qxb4 Qxb4+ 18. axb4 {1-0 (31) Malan,L (1851)-Campora,E (1663) Montevideo 2019}) 10. Bf2 Qe7 11. Be3 (11. a3 $14) 11... c5 {Threatens to win with ...c4.} 12. a4 c4 13. Ba2 $1 b4 14. Nd1 d5 15. e5 f6 16. exf6 Ngxf6 17. Nf2 a5 18. h4 (18. O-O $11) 18... e5 19. c3 (19. O-O $142) 19... b3 $36 {[%mdl 2048] Keeping White busy.} 20. Bb1 O-O 21. dxe5 (21. O-O $17) 21... Nxe5 $19 ({Much less strong is} 21... Qxe5 22. Bd4 $17) 22. O-O $2 (22. Kd1) 22... Rae8 {Black is clearly winning.} 23. Nd1 Nh5 24. Bg5 {[#]} (24. Rf2 $142 Bf6 25. Nf4) 24... Nxf3+ $1 {[%mdl 576] Discovered Attack} 25. Rxf3 Qxe2 26. Rxf8+ Bxf8 {[%mdl 32768] Black took control after the opening.  Weighted Error Value: White=0.47/Black=0.06. Loss on time!?} 1-0

[Event "VII Sunway Sitges Open 2020"]
[Site "Sitges"]
[Date "2020.12.13"]
[Round "1.27"]
[White "Batsiashvili, Nino"]
[Black "Luque Saiz, Andres"]
[Result "1/2-1/2"]
[WhiteElo "2460"]
[BlackElo "2058"]
[Annotator "TA"]
[PlyCount "173"]
[EventDate "2020.12.13"]
[EventType "swiss"]
[EventCountry "ESP"]
[SourceTitle "playchess.com"]
[Source "ChessBase"]
[SourceQuality "1"]

{[%evp 9,173,15,14,16,27,24,24,37,40,21,27,3,8,0,0,0,0,0,0,1,8,-14,13,0,22,17,28,26,31,2,33,35,33,35,44,35,31,31,25,39,37,21,41,31,33,35,45,43,47,48,48,57,52,51,54,35,59,24,21,18,20,11,18,6,9,0,35,24,35,34,31,35,60,40,49,15,56,25,43,33,26,20,27,30,42,25,67,57,73,62,85,0,11,0,0,0,0,0,13,8,24,0,50,0,13,0,0,-34,0,0,0,0,16,8,8,8,32,24,61,70,75,75,75,77,77,78,79,84,70,0,0,0,0,0,0,0,0,0,0,0,0,0,0,0,0,0,0,0,0,0,0,0,0,0,0,0,0,0,0,0,0,0,0,0,0,0]} 1. c4 c6 2. Nf3 d5 3. e3 Nf6 4. Nc3 a6 5. b3 Bf5 6. Bb2 {A11: English Opening: 1...c6.} Nbd7 7. Nh4 Bg6 {[#]} 8. Nxg6 $146 {White has an edge.} ({Predecessor:} 8. Be2 e6 9. O-O Bd6 10. f4 O-O 11. g4 Ne4 12. Qe1 Be7 13. Nxg6 hxg6 14. g5 {1-0 (40) Ehlvest,J (2660)-Gretarsson,H (2465) Stockholm 1996}) 8... hxg6 9. cxd5 cxd5 10. Be2 e6 11. h3 Bd6 12. Rc1 Rc8 13. O-O O-O 14. d4 Qe7 15. Rc2 Rc6 16. Qd3 Bb8 17. Rfc1 Qd6 {( -> ...Qh2+)} 18. g3 Rfc8 19. Nb1 Rxc2 20. Rxc2 Rxc2 21. Qxc2 Ne4 22. Qc8+ Kh7 23. Ba3 ({But not} 23. Qxb7 $2 Nxf2 $1 {[%mdl 512]} 24. Kxf2 Qxg3+ 25. Kf1 Qxe3 $19) 23... Qc7 24. Qxc7 Bxc7 25. Bd3 Ndf6 26. Kg2 Kg8 27. g4 Bd6 {Threatening ...Bxa3.} 28. Bb2 Bb4 29. f3 Nd6 30. Nc3 Kf8 31. Kf2 Ke7 32. Ne2 Nd7 33. Bc2 g5 34. a3 Ba5 35. Ng3 f6 36. Ke2 Bc7 37. Nh1 e5 38. dxe5 Nxe5 39. Ng3 Nc6 40. f4 Nf7 41. Nf5+ Kf8 42. Kf3 Ncd8 43. Nd4 gxf4 44. exf4 g5 $1 45. Ne2 Ke7 46. Nc3 Kd6 47. Nd1 Ne6 48. f5 Nf4 49. Bxf6 {h4 is the strong threat.} Nxh3 {[#]} 50. Nc3 ({White should play} 50. Kg3 $1 $16 {[%cal Rg3h3]} Nf4 51. Bxg5 {[%mdl 64] Remove Defender} Nxg5 52. Kxf4) 50... Kc6 51. Bd4 Nf4 52. Ke3 Ne5 53. Bd1 Kd6 54. Na4 Nd7 55. Bg7 Bd8 56. Bf3 Ne5 57. Bf8+ Kc6 58. Bd1 (58. Bg7 $5 {[%cal Rg7e5]} Bc7 59. Bd1 $11) 58... b5 (58... Bf6 $5 {[%cal Re5d7]} 59. Nc5 a5 $11) 59. Nc3 Bb6+ 60. Kd2 Bd4 61. Be7 {Cut Off at move 61} Nf7 62. a4 Bc5 63. Bf6 b4 64. Ne2 {aiming for Nxf4.} Nxe2 65. Bxe2 $14 {[%mdl 4096] Endgame KBB-KBN} a5 66. Bb5+ Kc7 67. Be8 Nd6 68. Be5 Kb6 69. Bd7 (69. Bh5 $1 $14) 69... Ne4+ $1 $11 {The position is equal.} 70. Kc2 Be7 $1 71. Bd4+ Kc7 72. Bb5 Bd8 73. Be5+ Kb6 74. Be2 Kc5 75. Bf3 {Threatens to win with Bxe4.} Nf6 76. Kd3 Nd7 77. Bg3 Nf6 78. Ke3 Nd7 79. Be2 Nf6 80. Be5 Kc6 81. Bb8 Kc5 82. Ba7+ Kd6 $1 83. Kd4 Nd7 84. Bb5 Bf6+ 85. Ke3 {Hoping for Bxd7.} Nc5 $1 86. Bxc5+ Kxc5 87. Be2 {Weighted Error Value: White=0.11/Black=0.10} 1/2-1/2

[Event "VII Sunway Sitges Open 2020"]
[Site "Sitges"]
[Date "2020.12.13"]
[Round "1.28"]
[White "Perez Bolanos, David"]
[Black "Stefanova, Antoaneta"]
[Result "0-1"]
[WhiteElo "2068"]
[BlackElo "2466"]
[Annotator "TA"]
[PlyCount "62"]
[EventDate "2020.12.13"]
[EventType "swiss"]
[EventCountry "ESP"]
[SourceTitle "playchess.com"]
[Source "ChessBase"]
[SourceQuality "1"]

{[%evp 9,62,-2,15,14,16,9,6,2,7,0,14,-4,0,5,2,13,29,27,48,57,54,46,45,21,12,9,16,12,20,14,15,21,13,-16,-8,-16,-15,-22,0,-105,-102,-165,-121,-230,-123,-414,-419,-743,-724,-725,-711,-1201,-588,-29996,-401]} 1. Nf3 d5 2. b3 c5 3. e3 a6 4. Bb2 Nc6 5. g3 Bg4 6. h3 {A06: Réti Opening: 1 Nf3 d5.} Bh5 7. Bg2 e6 8. O-O {The position is equal.} Nf6 9. d3 Be7 10. Nbd2 O-O 11. g4 Bg6 {[#]} 12. Nh4 $146 ({Predecessor:} 12. Ne5 Nxe5 13. Bxe5 Nd7 14. Bb2 f6 15. f4 Bf7 16. c4 Nb8 17. Qe2 Nc6 18. Nf3 {½-½ (61) Bagirov,V (2460)-Lerner,K (2535) Berlin East 1989}) 12... d4 13. Nxg6 hxg6 14. Bxc6 bxc6 15. Qf3 Nd5 16. exd4 cxd4 17. Bxd4 Nb4 18. c3 Nc2 19. Rac1 Nxd4 20. cxd4 Qxd4 21. Rxc6 Qb2 $1 {[%cal Rb2d2]} 22. Nc4 Qxa2 23. Rc7 Rae8 24. Qb7 {[#]} (24. d4 $11 {keeps the balance.}) 24... Bf6 $1 $17 25. Nd6 (25. Rc6 $17) 25... Rb8 26. Qa7 {[#]} (26. Qc6 $17) 26... Qxb3 ({Better is} 26... Rbd8 $1 $19 {[%cal Rd8d6]} 27. Rc6 a5) 27. Rxf7 $2 {[%mdl 8192] This costs White the game.} (27. Qxa6 $17 {was necessary.} Rfd8 28. Rb7 Rxb7 29. Nxb7 Qxd3 30. Qxd3 Rxd3 31. Kg2) 27... Qxd3 $19 {[%mdl 64] White must now prevent ...Bd4. Double Attack} 28. Rxf8+ (28. Rxf6 $142 gxf6 29. Qe7) 28... Rxf8 29. Qd7 Qd5 30. Rc1 Be5 (30... Bd4 $142 31. Rf1 Bc5) 31. Rc6 Qd1+ {Weighted Error Value: White=0.90/Black=0.29} 0-1

[Event "VII Sunway Sitges Open 2020"]
[Site "Sitges"]
[Date "2020.12.13"]
[Round "1.29"]
[White "Sismeiro, Miguel"]
[Black "Svoboda, Vaclav"]
[Result "0-1"]
[WhiteElo "2035"]
[BlackElo "2407"]
[Annotator "ChessBase"]
[PlyCount "68"]
[EventDate "2020.12.13"]
[EventType "swiss"]
[EventCountry "ESP"]
[SourceTitle "playchess.com"]
[Source "ChessBase"]
[SourceQuality "1"]
[TimeControl "40/5400+30:1800+30"]

1. e4 c5 2. Nf3 {[%emt 0:00:00]} Nc6 {[%emt 0:12:47]} 3. d4 {[%emt 0:00:00]} cxd4 {[%emt 0:00:00]} 4. Nxd4 {[%emt 0:00:42]} Qc7 {[%emt 0:00:27]} 5. c4 {[%emt 0:00:08]} Nf6 {[%emt 0:01:16]} 6. Nc3 Nxe4 {[%emt 0:00:04]} 7. Nxe4 {[%emt 0:09:32]} Qe5 8. Nxc6 {[%emt 0:00:21]} Qxe4+ {[%emt 0:00:34]} 9. Be2 {[%emt 0:00:15]} Qxc6 {[%emt 0:03:56]} 10. O-O {[%emt 0:06:33]} e6 {[%emt 0:03:13]} 11. Qd4 {[%emt 0:03:09]} d6 {[%emt 0:00:28]} 12. Bf3 {[%emt 0:12:51]} Qc7 {[%emt 0:02:53]} 13. Bg5 {[%emt 0:02:20]} h6 {[%emt 0:07:58]} 14. Be3 {[%emt 0:08:35]} Bd7 {[%emt 0:02:47]} 15. b4 {[%emt 0:01:31]} Bc6 {[%emt 0:08:01]} 16. Be2 {[%emt 0:06:17]} e5 {[%emt 0:08:25]} 17. Qg4 {[%emt 0:05:08]} g6 {[%emt 0:06:19]} 18. f4 {[%emt 0:08:27]} h5 {[%emt 0:05:58]} 19. Qh3 {[%emt 0:13:04]} f5 {[%emt 0:00:22]} 20. b5 {[%emt 0:05:25]} Be4 21. Bf3 {[%emt 0:00:11]} Bxf3 {[%emt 0:00:53]} 22. Qxf3 {[%emt 0:03:54]} e4 {[%emt 0:10:07]} 23. Qd1 {[%emt 0:00:04]} Bg7 {[%emt 0:01:40]} 24. Rc1 {[%emt 0:00:04]} O-O {[%emt 0:01:35]} 25. c5 {[%emt 0:00:10]} dxc5 {[%emt 0:01:30]} 26. Rxc5 {[%emt 0:01:44]} Qf7 {[%emt 0:02:26]} 27. Qa4 {[%emt 0:04:13]} Rfd8 {[%emt 0:00:58]} 28. Rfc1 Rd7 {[%emt 0:00:04]} 29. Rc8+ {[%emt 0:03:58]} Rxc8 {[%emt 0:00:30]} 30. Rxc8+ {[%emt 0:00:30]} Kh7 {[%emt 0:03:27]} 31. Qxa7 {[%emt 0:00:00]} Rd1+ {[%emt 0:02:05]} 32. Kf2 Ra1 {[%emt 0:00:23]} 33. Rc2 {[%emt 0:02:28]} Qd5 {[%emt 0:01:37]} 34. Kg3 Qxb5 0-1

[Event "VII Sunway Sitges Open 2020"]
[Site "Sitges"]
[Date "2020.12.13"]
[Round "1.30"]
[White "Ortega Serra, Marc"]
[Black "Sanleon Pravisano, Nieves"]
[Result "1-0"]
[WhiteElo "2288"]
[BlackElo "1739"]
[Annotator "TA"]
[PlyCount "63"]
[EventDate "2020.12.13"]
[EventType "swiss"]
[EventCountry "ESP"]
[SourceTitle "playchess.com"]
[Source "ChessBase"]
[SourceQuality "1"]

{[%evp 13,63,6,13,-7,6,-13,-7,-18,0,-10,0,-144,-40,-34,0,0,0,7,2,16,57,36,39,35,25,28,48,65,126,73,181,200,174,130,143,148,143,106,148,125,259,214,221,214,286,286,265,238,235,233,539,445]} 1. e4 e6 2. d4 d5 3. Nd2 c5 4. exd5 Qxd5 5. dxc5 Nf6 6. Ngf3 Bxc5 7. Bc4 Qh5 8. O-O {C07: French Tarrasch: 3...c5, 4 Ngf3 and 4 exd5 Qxd5.} O-O 9. Nb3 Bb6 10. Qe2 {The position is equal.} Nc6 11. Bf4 e5 {[#]} 12. Bg3 $146 ({Wrong is} 12. Bxe5 $2 Re8 $19) (12. Nxe5 $11 {was the only way to keep the balance.} Qxe2 13. Bxe2) ({Predecessor:} 12. Nxe5 Qxe2 13. Bxe2 Nxe5 14. Bxe5 Re8 15. Bxf6 Rxe2 16. Bd4 Rxc2 17. Rfe1 Be6 18. Rac1 Rxc1 19. Rxc1 Bxd4 20. Nxd4 Bxa2 {0-1 (49) Peteiro Osta,L-Sanz Perez,E (2155) San Sebastian 2003}) 12... e4 (12... Re8 $17 {White must now prevent ...e4.} 13. c3 Qg6) 13. Ne5 $1 $15 Qxe2 (13... Qh6 {feels hotter.} 14. Nxc6 bxc6 15. c3 Re8 16. Rae1 Qg6) 14. Bxe2 Nxe5 15. Bxe5 Bg4 16. Rfe1 e3 17. f3 Bf5 18. c4 Rfe8 19. Bd6 a5 20. c5 Ba7 (20... Bd8 $14) 21. Rac1 ({Much less strong is} 21. Nxa5 Bxc5 22. Bxc5 Rxa5 $14) (21. Bb5 $142) 21... Rac8 (21... Bb8 $16) 22. Nxa5 $18 {[%cal Bb3a5,Ba5c4,Bc4d6][%mdl 32] And now Bb5 would win.} b6 23. cxb6 Bxb6 24. Nc4 Ba7 25. b4 {[%cal Bb2b4,Bb4b5][%mdl 32]} Nd5 26. Bg3 {[#] Threatens to win with Nd6.} Bg6 {This move loses the game for Black.} (26... Be6 $16) 27. Nd6 Rxc1 28. Rxc1 Rd8 29. b5 h5 30. Rc8 Rxc8 31. Nxc8 Nc3 $2 {[#]} (31... Bd4 {is tougher.} 32. Kf1 Kf8) 32. Kf1 {Weighted Error Value: White=0.28/Black=0.41} ({Less strong is} 32. Nxa7 Nxe2+ 33. Kf1 Bd3 $16) 1-0